000 00528nam a2200181Ia 4500
999 _c7176
_d7176
003 OSt
005 20200129113301.0
008 190216s9999||||xx |||||||||||||| ||und||
020 _a9780070611931
040 _coclc
082 _a658.4033
_bVOH/Q
100 _aVohra, N D
_91435
245 0 _aQuantitative Techniques In Management /
_cN D Vohra
250 _a3rd ed.
260 _bTata Mcgrawhill Publishers,
_aNew Delhi:
_c2007.
300 _a1049p
942 _cBK
_2ddc
_h658.4033
_iVOH/Q
_k658.4033
_mVOH/Q